English und Übungen Augaben zu wichtigen Stoffgebieten der Grammatik

Salvato in:
Dettagli Bibliografici
Autore principale: Festag, Ewald
Altri autori: Schlecht, Günter
Natura: Libro
Lingua:tedesco
Pubblicazione: Berlin Volk und Wissen 1985
Edizione:6. Aufl.
Tags: Aggiungi Tag
Nessun Tag, puoi essere il primo ad aggiungerne!!

MARC

LEADER 00000nam a2200000 4500
001 c024118
005 20221220075341.5
041 0 |a ger 
044 |a DE 
245 1 0 |a English und Übungen  |b Augaben zu wichtigen Stoffgebieten der Grammatik  |c Ewald Festag, Günter Schlecht 
250 |a 6. Aufl. 
264 1 |a Berlin  |b Volk und Wissen  |c 1985 
300 |a 135 s. 
100 1 |a Festag, Ewald 
700 1 |a Schlecht, Günter